Statistics for Multiple Choice Animal Quiz #1

Click here to take the quiz!

General Stats

  • This quiz has been taken 46,934 times
  • The average score is 10 of 15

Answer Stats

QuestionAnswer% Correct
How many arms (mistakenly called tentacles) do octopuses have?8
87%
Which of these animals uses echolocation to navigate?Dolphins
78%
Is a sea cucumber an animal or a plant?Animal
77%
How many rhinoceroses still exist in the wild?about 25,000
71%
Are there polar bears in the wild in the Southern Hemisphere?No
70%
What is a group of owls called?a Parliament
69%
What can a Jesus Christ lizard do?Walk on water
69%
Which of the following is NOT a type of antelope?Marten
67%
True or false: There is a sizable population of feral camels living in AustraliaTrue
67%
Are frogs reptiles?No
65%
In what mountain range could you encounter a wild yak?Himalayas
62%
Do blue whales have teeth?No
60%
What type of animal would you find in an apiary?Bees
49%
In what country would you find the world's northernmost wild monkey population?Japan
48%
What's the longest a lobster can live?More than 100 years
42%

Score Distribution

Percentile by Number Answered

Percent of People with Each Score

Your Score History

You have not taken this quiz